Jak powstaje strategia firmy?

Autorka vysvetľuje pojem, obsah a vznik stratégie podniku. Analýzy vnútorných oblastí činnosti, profilu činnosti a prognózovania. Zákazníci podniku a ich potreby. Demografické faktory. Zmeny v percepcii a postojoch ľudí. Rozpory medzi tým, čo je a čo sa stane. Potreba riešiť problémy. Prekvapenia. N...

Ausführliche Beschreibung

Gespeichert in:
Bibliographische Detailangaben
1. Verfasser: Krasnicka, T.
Format: Buchkapitel
Sprache:Polnisch
Schlagworte:
Tags: Tag hinzufügen
Keine Tags, Fügen Sie das erste Tag hinzu!

MARC

LEADER 00000naa a2200000 4500
001 r005113
005 20221125122446.9
041 0 |a pol 
044 |a PL 
245 1 0 |a Jak powstaje strategia firmy?  |c T. Krasnicka 
520 |a Autorka vysvetľuje pojem, obsah a vznik stratégie podniku. Analýzy vnútorných oblastí činnosti, profilu činnosti a prognózovania. Zákazníci podniku a ich potreby. Demografické faktory. Zmeny v percepcii a postojoch ľudí. Rozpory medzi tým, čo je a čo sa stane. Potreba riešiť problémy. Prekvapenia. Nové poznatky. Nová technológia. 
610 2 0 |a stratégia podniková 
610 2 0 |a zákazníci 
610 2 0 |a demografia ekonomická 
610 2 0 |a technológia 
100 1 |a Krasnicka, T.